The Far East since 1500.

Bibliographic Details
Main Author: Eckel, Paul E. (Paul Edward), 1908-
Format: Book
Language:English
Published: New York : Harcourt, Brace, 1947.
Subjects:

MARC

Tag First Indicator Second Indicator Subfields
LEADER 00000cam a2200000 4500
001 in00000709113
005 20151016062856.0
008 741030s1947 nyub b 00000 eng u
010 |a  47004915  
035 |a (OCoLC)01061072 
035 |9 ADD5732AM 
040 |c IAU  |d TXA  |d UtOrBLW 
049 |a TXAM  |c [147101] 
050 0 |a DS511  |b .E25 
082 0 |a 950 
092 |a 950  |b E19f 
100 1 |a Eckel, Paul E.  |q (Paul Edward),  |d 1908- 
245 1 4 |a The Far East since 1500. 
264 1 |a New York :  |b Harcourt, Brace,  |c 1947. 
300 |a xiv, 820 pages :  |b maps (part color) ;  |c 24 cm. 
336 |a text  |b txt  |2 rdacontent 
337 |a unmediated  |b n  |2 rdamedia 
338 |a volume  |b nc  |2 rdacarrier 
500 |a "Selected readings" at end of each chapter except the last. "Selected bibliography": pages 746-783. 
651 0 |a China  |x History. 
651 0 |a Japan  |x History. 
651 0 |a East Asia  |x History. 
999 |a MARS 
999 f f |s b8964cad-143e-318f-967a-dff51afc801f  |i 140b6c81-276f-3162-80c2-ea5b8066e6ed  |t 0 
952 f f |p ric  |a Texas A&M University  |b Rellis Campus  |c Joint Library Facility  |d Remote Storage  |t 0  |e DS511 E25  |h Library of Congress classification  |i unmediated -- volume  |m A14801497702 
998 f f |a DS511 E25  |t 0  |l Remote Storage